En torno a la literatura dominicana : (Registro nro. 13784)

Detalles MARC
000 -LIDER
fixed length control field 01447nam a2200313 a 4500
001 - NÚMERO DE CONTROL
Identificador de número de control
003 - IDENTIFICACDOR DE NÚMERO DE CONTROL
control field DO-SdBNP
005 - DATE AND TIME OF LATEST TRANSACTION
control field 20211012093211.0
008 - ELEMENTOS DE LONGITUD FIJA
fixed length control field 130509s2013 dr ac 001 0 spa d
020 ## - ISBN
International Standard Book Number 9789945443974
040 ## - FUENTE DE CATALOGACIÓN
Agencia que crea de manera original el registro DO-SdBNP
Idioma de catalogación spa
Agencia que realiza la transcripción BPMSU
082 ## - NÚMERO DE CLASIFICACIÓN DECIMAL DE DEWEY
Classification number RD860.4
Item number C697e 2013
Edition number 22
100 1# - ASIENTO PRINCIPAL -- NOMBRE PERSONAL
Nombre personal Collado, Miguel A.,
Fechas asociadas con el nombre 1954-
245 10 - MENCIÓN DE TITULO
Título En torno a la literatura dominicana :
Subtítulo apuntes literarios, bibliográficos y culturales /
Mención de responsabilidad Miguel Collado.
260 ## - PUBLICACIÓN, DISTRIBUCIÓN, ETC. (PIE DE IMPRENTA)
Lugar de publicación, distribución, etc Santo Domingo :
Nombre del editor, distribuidor, etc. Banco Central de la República Dominicana,
Fecha de publicación, distribución, etc 2013.
300 ## - DESCRIPCIÓN FÍSICA
Extensión 368 p. :
Otros detalles físicos il., retrs. ;
Dimensiones 24 cm.
490 0# - MENCIÓN DE SERIES
Mención de serie Banco Central de la República Dominicana ;
-- Arte y literatura
Volume/sequential designation 190/65
500 ## - NOTA GENERAL
Nota general Incluye datos biográficos del autor en la solapa de la cubierta
500 ## - NOTA GENERAL
Nota general Incluye índice
504 ## - NOTA DE BIBLIOGRAFÍA, ETC.
Bibliography, etc Incluye referencias bibliográficas y notas al pie de las páginas
505 ## - NOTA DE CONTENIDO
Texto normalizado de contenido En torno a los Henríquez Ureña 19 -- En torno a Eugenio María de Hostos 75 -- En torno a Juan Bosch 97 -- En torno a otros escritores 121 -- Textos diversos 213 -- Para una lectura panorámica de la literatura dominicana 271
590 ## - NOTA LOCAL
Enlace Inventariado,2021/VM
650 #4 - ENCABEZAMIENTO DE MATERIA--TEMÁTICO
Término temático o nombre geográfico como elemento de entrada Crítica literaria
Subdivisión geográfica República Dominicana
650 #4 - ENCABEZAMIENTO DE MATERIA--TEMÁTICO
Término temático o nombre geográfico como elemento de entrada Literatura dominicana
Subdivisión de forma Colecciones de escritos.
Subdivisión geográfica
650 #4 - ENCABEZAMIENTO DE MATERIA--TEMÁTICO
Término temático o nombre geográfico como elemento de entrada Literatura dominicana
Subdivisión temática general Historia.
651 #4 - ENCABEZAMIENTO DE MATERIA--NOMBRE GEOGRÁFICO
Nombre geográfico República Dominicana
Subdivisión temática general Vida intelectual
Subdivisión de forma Biobibliografías
910 ## - VALIDACIÓN
Validación VMateo V.
942 ## - ADDED ENTRY ELEMENTS (KOHA)
Source of classification or shelving scheme Dewey Decimal Classification
Koha item type Libros
Existencias
Withdrawn status Lost status Source of classification or shelving scheme Damaged status Not for loan Collection code Home library Current library Date acquired Source of acquisition Total Checkouts Full call number Barcode Date last seen Price effective from Koha item type
    Dewey Decimal Classification     Colección Dominicana Biblioteca Pública Metropolitana Salomé Ureña Biblioteca Pública Metropolitana Salomé Ureña 10/11/2021 Compra   BPMSU CD RD860.4 C697e 2013 BPMSU21100079 10/11/2021 10/11/2021 Libros